Devízový zákon

Saved in:
Bibliographic Details
Format: Book
Language:Slovak
English
Published: Bratislava Národná banka Slovenska 1995
Edition:1. vyd.
Subjects:
Tags: Add Tag
No Tags, Be the first to tag this record!

MARC

LEADER 00000nam a2200000 4500
001 c016081
005 20221214070841.2
041 0 |a slo 
041 0 |a eng 
044 |a SK 
245 1 0 |a Devízový zákon 
250 |a 1. vyd. 
264 1 |a Bratislava  |b Národná banka Slovenska  |c 1995 
300 |a 87 s. 
610 2 0 |a devízy 
610 2 0 |a Slovensko 
610 2 0 |a vyhlášky 
610 2 0 |a opatrenia 
610 2 0 |a 1995